| 000 | 00780nam a2200169 i 4500 | ||
|---|---|---|---|
| 001 | 29262 | ||
| 003 | ES-MaACL | ||
| 005 | 20230906154012.0 | ||
| 007 | t| | ||
| 008 | 030121s1875 sp ||||1| spa d | ||
| 100 | 1 |
_aBallester, Guillermo. _925002 |
|
| 245 | 1 | 3 |
_aEl trabajo y sus resultados con relación a las diferentes clases de alumnos del Colegio Hispano-Romano de Nuestra Señora de la Esperanza : _bdiscurso leido el dia 19 de diciembre de 1875 por D. Guillermo Ballester en la solemne distribución de premios. |
| 260 |
_aMadrid : _b[s.n., _c1875] ( _fFortanet) |
||
| 300 |
_a32 p. ; _c22 cm. |
||
| 710 | 2 |
_aColegio Hispano-Romano de Nuestra Señora de la Esperanza (Madrid) _9159466 |
|
| 852 |
_aES-MaACL _jT-207-F-5 _z.- Enc. en un vol. facticio falto de la cub. original |
||
| 999 |
_c29262 _d29262 |
||